000 00694cam a2200265 4500
008 090401t1998 xxu||||| |||| 00| 0 eng d
020 _a0953348903
035 _a(Sirsi) u89673
041 _aeng
050 _a711.1
100 _aSpeer, Roy
245 _aHow to stop and influence planning permission.
250 _a2nd ed.
260 _aHassocks, West Sussex
_bStonepound Books
_c1998
300 _a159p. : ill. ; 21cm.
350 _a12.5
650 _aDEVELOPMENT
650 _aPLANNING APPEALS
650 _aPLANNING APPLICATIONS
650 _aPLANNING PERMISSION
690 _aPLANNING LAW AND PRACTICE
700 _aDade, Michael
942 _n0
948 _c13/11/1998
999 _c97485
_d97485